[Event "European Women's Championship"]
[Site "Vysoke Tatry"]
[Date "2018.04.18"]
[Round "10"]
[White "Kashlinskaya, Alina"]
[Black "Ziaziulkina, Nastassia"]
[Result "1-0"]
[Board "11"]
[WhiteElo "2450"]
[WhiteTitle "IM"]
[WhiteCountry "RUS"]
[WhiteFideId "4198026"]
[WhiteEloChange "4"]
[BlackElo "2363"]
[BlackTitle "IM"]
[BlackCountry "BLR"]
[BlackFideId "13505211"]
[BlackEloChange "-8"]

1. d4 {[%clk 1:30:57]} d5 {[%clk 1:30:47]} 2. c4 {[%clk 1:31:19]} c6 {[%clk
1:31:12]} 3. Nf3 {[%clk 1:31:41]} Nf6 {[%clk 1:31:34]} 4. Nc3 {[%clk 1:32:05]}
dxc4 {[%clk 1:30:58]} 5. a4 {[%clk 1:32:23]} Bf5 {[%clk 1:31:13]} 6. Ne5 {[%clk
1:32:36]} e6 {[%clk 1:29:38]} 7. f3 {[%clk 1:31:52]} Bb4 {[%clk 1:29:19]} 8. Nxc4
{[%clk 1:29:00]} O-O {[%clk 1:06:26]} 9. Kf2 {[%clk 1:28:49]} c5 {[%clk 1:00:26]}
10. e4 {[%clk 1:27:57]} Bg6 {[%clk 0:41:04]} 11. Na2 {[%clk 1:25:44]} Nc6 {[%clk
0:41:13]} 12. Nxb4 {[%clk 1:25:35]} Nxb4 {[%clk 0:41:34]} 13. Be3 {[%clk
1:22:57]} cxd4 {[%clk 0:41:38]} 14. Bxd4 {[%clk 1:22:14]} Qe7 {[%clk 0:40:34]}
15. Qb3 {[%clk 1:12:13]} Rfd8 {[%clk 0:40:13]} 16. Be3 {[%clk 1:04:34]} Nd7
{[%clk 0:37:03]} 17. Kg1 {[%clk 0:56:22]} a5 {[%clk 0:30:08]} 18. Be2 {[%clk
0:50:02]} f5 {[%clk 0:26:46]} 19. exf5 {[%clk 0:35:05]} Bxf5 {[%clk 0:26:27]} 20.
Rc1 {[%clk 0:33:31]} Nc5 {[%clk 0:23:08]} 21. Qa3 {[%clk 0:30:31]} Ncd3 {[%clk
0:21:53]} 22. Rc3 {[%clk 0:29:39]} Ne1 {[%clk 0:15:39]} 23. Nb6 {[%clk 0:22:58]}
Rab8 {[%clk 0:15:52]} 24. g4 {[%clk 0:20:02]} Bg6 {[%clk 0:13:49]} 25. Bc5 {[%clk
0:16:24]} Qf6 {[%clk 0:09:33]} 26. Qb3 {[%clk 0:15:41]} Bd3 {[%clk 0:07:24]} 27.
Kf2 {[%clk 0:13:49]} Qh4+ {[%clk 0:04:49]} 28. Kf1 {[%clk 0:14:14]} Nxf3 {[%clk
0:04:04]} 29. Qxe6+ {[%clk 0:09:53]} Kh8 {[%clk 0:04:31]} 30. Be7 {[%clk
0:10:09]} Qh3+ {[%clk 0:02:22]} 31. Kf2 {[%clk 0:10:36]} Nd4 {[%clk 0:02:12]} 32.
Qf7 {[%clk 0:05:27]} Re8 {[%clk 0:00:49]} 33. Nd7 {[%clk 0:03:55]} Rbc8 {[%clk
0:00:42]} 34. Nf6 {[%clk 0:02:48]} Qh4+ {[%clk 0:00:50]} 35. Kg2 {[%clk 0:03:17]}
Nxe2 {[%clk 0:00:41]} 36. Nxe8 {[%clk 0:03:34]} Qxg4+ {[%clk 0:00:34]} 37. Kf2
{[%clk 0:03:29]} Qd4+ {[%clk 0:00:31]} 38. Ke1 {[%clk 0:03:54]} Bc4 {[%clk
0:00:40]} 39. Rxc4 {[%clk 0:02:29]} Nd3+ {[%clk 0:00:56]} 40. Kxe2 {[%clk
0:32:35]} Qxb2+ {[%clk 0:30:50]} 41. Kxd3 {[%clk 0:32:16]} Qb3+ {[%clk 0:30:48]}
42. Kd4 {[%clk 0:27:59]} Qb2+ {[%clk 0:29:16]} 43. Kd5 {[%clk 0:24:37]} Qd2+
{[%clk 0:20:43]} 44. Ke6 {[%clk 0:20:54]} Qe3+ {[%clk 0:16:26]} 45. Kd7 {[%clk
0:20:45]} Qh3+ {[%clk 0:16:42]} 46. Qe6 {[%clk 0:21:05]} Qxe6+ {[%clk 0:16:32]}
47. Kxe6 {[%clk 0:21:31]} Rxc4 {[%clk 0:16:58]} 48. Rg1 {[%clk 0:20:23]} g6
{[%clk 0:16:10]} 49. Kf7 {[%clk 0:20:36]} 1-0

[Event "European Women's Championship"]
[Site "Vysoke Tatry"]
[Date "2018.04.18"]
[Round "10"]
[White "Batsiashvili, Nino"]
[Black "Gaponenko, Inna"]
[Result "1/2-1/2"]
[Board "12"]
[WhiteElo "2521"]
[WhiteTitle "IM"]
[WhiteCountry "GEO"]
[WhiteFideId "13602993"]
[WhiteEloChange "-2"]
[BlackElo "2406"]
[BlackTitle "IM"]
[BlackCountry "UKR"]
[BlackFideId "14101181"]
[BlackEloChange "2"]

1. d4 {[%clk 1:30:58]} d6 {[%clk 1:30:55]} 2. Nf3 {[%clk 1:31:24]} g6 {[%clk
1:31:20]} 3. g3 {[%clk 1:31:50]} Bg7 {[%clk 1:31:43]} 4. Bg2 {[%clk 1:32:15]} Nf6
{[%clk 1:31:57]} 5. O-O {[%clk 1:32:32]} O-O {[%clk 1:32:22]} 6. b3 {[%clk
1:32:59]} e5 {[%clk 1:32:34]} 7. dxe5 {[%clk 1:33:21]} dxe5 {[%clk 1:32:59]} 8.
Ba3 {[%clk 1:33:47]} Re8 {[%clk 1:32:44]} 9. Qxd8 {[%clk 1:34:04]} Rxd8 {[%clk
1:33:13]} 10. Nc3 {[%clk 1:34:25]} Nc6 {[%clk 1:32:13]} 11. Rad1 {[%clk 1:32:25]}
Bf5 {[%clk 1:24:39]} 12. Nh4 {[%clk 1:32:30]} Bd7 {[%clk 1:18:13]} 13. Rd2 {[%clk
1:26:50]} g5 {[%clk 0:46:04]} 14. Rfd1 {[%clk 0:48:08]} Be6 {[%clk 0:18:09]} 15.
Bxc6 {[%clk 0:40:59]} Rxd2 {[%clk 0:18:34]} 16. Rxd2 {[%clk 0:41:26]} bxc6 {[%clk
0:19:00]} 17. Nf3 {[%clk 0:41:32]} h6 {[%clk 0:14:58]} 18. e4 {[%clk 0:37:58]}
Nd7 {[%clk 0:09:42]} 19. Ne1 {[%clk 0:34:14]} g4 {[%clk 0:05:04]} 20. Nd3 {[%clk
0:30:30]} f5 {[%clk 0:05:21]} 21. Nc5 {[%clk 0:22:20]} Nxc5 {[%clk 0:05:43]} 22.
Bxc5 {[%clk 0:22:47]} fxe4 {[%clk 0:03:30]} 23. Nxe4 {[%clk 0:17:46]} Bf5 {[%clk
0:01:57]} 24. Nc3 {[%clk 0:18:10]} Kf7 {[%clk 0:01:02]} 25. a4 {[%clk 0:15:16]}
h5 {[%clk 0:01:11]} 26. a5 {[%clk 0:15:17]} a6 {[%clk 0:01:35]} 27. Na4 {[%clk
0:12:43]} Bh6 {[%clk 0:00:44]} 28. Be3 {[%clk 0:12:00]} Bf8 {[%clk 0:00:42]} 29.
c3 {[%clk 0:12:03]} Rb8 {[%clk 0:00:53]} 30. b4 {[%clk 0:12:28]} Be6 {[%clk
0:00:40]} 31. Ba7 {[%clk 0:10:38]} Ra8 {[%clk 0:00:46]} 32. Bc5 {[%clk 0:10:54]}
Bb3 {[%clk 0:00:49]} 33. Bxf8 {[%clk 0:02:07]} Bxa4 {[%clk 0:01:18]} 34. Bc5
{[%clk 0:02:22]} Ke6 {[%clk 0:01:37]} 35. h4 {[%clk 0:00:46]} Bb5 {[%clk
0:01:27]} 36. Be3 {[%clk 0:01:05]} Bc4 {[%clk 0:01:37]} 37. Bc5 {[%clk 0:00:58]}
Re8 {[%clk 0:01:31]} 38. Be3 {[%clk 0:01:20]} Rb8 {[%clk 0:00:54]} 39. Kg2 {[%clk
0:01:38]} Rf8 {[%clk 0:00:42]} 40. Rd1 {[%clk 0:31:15]} Be2 {[%clk 0:30:43]} 41.
Rd2 {[%clk 0:31:35]} Bc4 {[%clk 0:30:58]} 42. Kg1 {[%clk 0:28:29]} Rf7 {[%clk
0:13:39]} 43. Kg2 {[%clk 0:26:19]} Rd7 {[%clk 0:08:23]} 44. Rxd7 {[%clk 0:26:26]}
Kxd7 {[%clk 0:08:51]} 45. f4 {[%clk 0:26:46]} Ke6 {[%clk 0:09:18]} 46. Kf2 {[%clk
0:26:12]} Kf5 {[%clk 0:09:38]} 47. Bd2 {[%clk 0:24:30]} exf4 {[%clk 0:09:53]} 48.
Bxf4 {[%clk 0:23:56]} Ke4 {[%clk 0:10:19]} 49. Bxc7 {[%clk 0:24:21]} Kd3 {[%clk
0:10:35]} 50. Be5 {[%clk 0:24:45]} Bd5 {[%clk 0:10:52]} 51. Bf6 {[%clk 0:23:46]}
1/2-1/2

[Event "European Women's Championship"]
[Site "Vysoke Tatry"]
[Date "2018.04.18"]
[Round "10"]
[White "Mkrtchian, Lilit"]
[Black "Sebag, Marie"]
[Result "1/2-1/2"]
[Board "13"]
[WhiteElo "2403"]
[WhiteTitle "IM"]
[WhiteCountry "ARM"]
[WhiteFideId "13300601"]
[WhiteEloChange "1"]
[BlackElo "2492"]
[BlackTitle "GM"]
[BlackCountry "FRA"]
[BlackFideId "617822"]
[BlackEloChange "-1"]

1. Nf3 {[%clk 1:30:47]} d5 {[%clk 1:30:48]} 2. g3 {[%clk 1:30:52]} c6 {[%clk
1:30:34]} 3. Bg2 {[%clk 1:31:14]} Bg4 {[%clk 1:29:58]} 4. c4 {[%clk 1:31:27]} e6
{[%clk 1:29:23]} 5. cxd5 {[%clk 1:31:44]} Bxf3 {[%clk 1:29:38]} 6. Bxf3 {[%clk
1:32:07]} cxd5 {[%clk 1:29:58]} 7. O-O {[%clk 1:31:41]} Nc6 {[%clk 1:29:59]} 8.
d3 {[%clk 1:32:01]} Nf6 {[%clk 1:29:41]} 9. Nc3 {[%clk 1:32:19]} Be7 {[%clk
1:29:50]} 10. Bg2 {[%clk 1:32:44]} O-O {[%clk 1:30:03]} 11. Bd2 {[%clk 1:31:49]}
Nd7 {[%clk 1:16:06]} 12. a3 {[%clk 1:24:39]} Nb6 {[%clk 1:09:43]} 13. Rc1 {[%clk
1:21:09]} a6 {[%clk 0:56:21]} 14. e3 {[%clk 1:06:23]} Rc8 {[%clk 0:49:58]} 15.
Ne2 {[%clk 1:04:08]} Nd7 {[%clk 0:42:42]} 16. b4 {[%clk 1:00:28]} Qb6 {[%clk
0:37:32]} 17. Rb1 {[%clk 0:36:10]} Nce5 {[%clk 0:24:38]} 18. Rb3 {[%clk 0:21:14]}
Qc7 {[%clk 0:24:45]} 19. Qb1 {[%clk 0:20:03]} Qc2 {[%clk 0:19:08]} 20. Nd4 {[%clk
0:19:51]} Qxb1 {[%clk 0:19:16]} 21. Rfxb1 {[%clk 0:20:00]} Nc6 {[%clk 0:13:43]}
22. Nf3 {[%clk 0:14:19]} b5 {[%clk 0:11:27]} 23. Rc1 {[%clk 0:08:54]} Bf6 {[%clk
0:11:35]} 24. Kf1 {[%clk 0:08:31]} Nb6 {[%clk 0:10:15]} 25. Ke2 {[%clk 0:08:32]}
Na4 {[%clk 0:08:38]} 26. d4 {[%clk 0:04:22]} Nb6 {[%clk 0:06:23]} 27. Kd1 {[%clk
0:02:55]} Rfd8 {[%clk 0:02:34]} 28. Ne1 {[%clk 0:02:54]} Nc4 {[%clk 0:01:35]} 29.
f4 {[%clk 0:01:29]} Be7 {[%clk 0:01:25]} 30. Nd3 {[%clk 0:01:39]} f6 {[%clk
0:01:26]} 31. Bh3 {[%clk 0:00:54]} Kf7 {[%clk 0:01:49]} 32. Ke2 {[%clk 0:01:10]}
Rc7 {[%clk 0:01:41]} 33. Rf1 {[%clk 0:00:38]} Bd6 {[%clk 0:01:04]} 34. Nc5 {[%clk
0:00:32]} Bxc5 {[%clk 0:01:22]} 35. bxc5 {[%clk 0:00:55]} Ke7 {[%clk 0:00:43]}
36. Kd3 {[%clk 0:00:38]} Nxd2 {[%clk 0:00:51]} 37. Kxd2 {[%clk 0:01:04]} Na5
{[%clk 0:01:05]} 38. Rc3 {[%clk 0:00:34]} Nc4+ {[%clk 0:00:46]} 39. Ke2 {[%clk
0:00:38]} Rb8 {[%clk 0:00:57]} 40. Rb1 {[%clk 0:30:55]} Rcb7 {[%clk 0:30:55]} 41.
Rcb3 {[%clk 0:26:46]} Na5 {[%clk 0:31:00]} 42. R3b2 {[%clk 0:27:04]} Nc4 {[%clk
0:30:57]} 43. Rb3 {[%clk 0:27:29]} Na5 {[%clk 0:31:19]} 44. R3b2 {[%clk 0:27:55]}
Nc4 {[%clk 0:23:56]} 1/2-1/2

[Event "European Women's Championship"]
[Site "Vysoke Tatry"]
[Date "2018.04.18"]
[Round "10"]
[White "Shvayger, Yuliya"]
[Black "Pogonina, Natalija"]
[Result "1/2-1/2"]
[Board "14"]
[WhiteElo "2404"]
[WhiteTitle "IM"]
[WhiteCountry "ISR"]
[WhiteFideId "14100126"]
[WhiteEloChange "1"]
[BlackElo "2474"]
[BlackTitle "WGM"]
[BlackCountry "RUS"]
[BlackFideId "4147855"]
[BlackEloChange "-1"]

1. d4 {[%clk 1:30:56]} d5 {[%clk 1:30:52]} 2. Nf3 {[%clk 1:31:03]} Nf6 {[%clk
1:30:12]} 3. c4 {[%clk 1:31:05]} e6 {[%clk 1:30:28]} 4. Nc3 {[%clk 1:31:23]} Nbd7
{[%clk 1:30:19]} 5. Bf4 {[%clk 1:31:30]} dxc4 {[%clk 1:29:15]} 6. e3 {[%clk
1:31:29]} Bd6 {[%clk 1:29:24]} 7. Bg5 {[%clk 1:31:24]} h6 {[%clk 1:19:39]} 8. Bh4
{[%clk 1:31:39]} Nb6 {[%clk 1:19:53]} 9. Nd2 {[%clk 1:30:19]} O-O {[%clk
1:11:21]} 10. Nxc4 {[%clk 1:29:40]} Be7 {[%clk 1:10:54]} 11. Nxb6 {[%clk
1:19:16]} axb6 {[%clk 1:11:01]} 12. Be2 {[%clk 1:19:38]} Nd5 {[%clk 1:05:59]} 13.
Bxe7 {[%clk 1:13:37]} Qxe7 {[%clk 1:03:17]} 14. Qb3 {[%clk 1:13:10]} Nf6 {[%clk
0:55:03]} 15. O-O {[%clk 1:09:12]} e5 {[%clk 0:55:17]} 16. d5 {[%clk 1:08:51]}
Bf5 {[%clk 0:49:35]} 17. Rac1 {[%clk 1:01:15]} Rfd8 {[%clk 0:44:24]} 18. Rfd1
{[%clk 1:01:00]} Rac8 {[%clk 0:43:22]} 19. a3 {[%clk 0:50:50]} e4 {[%clk
0:34:57]} 20. Rd4 {[%clk 0:35:14]} Qe5 {[%clk 0:32:59]} 21. Rcd1 {[%clk 0:35:33]}
Ne8 {[%clk 0:29:20]} 22. Nb5 {[%clk 0:33:07]} Bd7 {[%clk 0:21:12]} 23. Nc3 {[%clk
0:32:44]} Nd6 {[%clk 0:21:15]} 24. Qb4 {[%clk 0:31:22]} Re8 {[%clk 0:19:37]} 25.
R4d2 {[%clk 0:28:23]} h5 {[%clk 0:16:47]} 26. Bb5 {[%clk 0:26:43]} Bxb5 {[%clk
0:15:29]} 27. Nxb5 {[%clk 0:27:10]} Nxb5 {[%clk 0:15:38]} 28. Qxb5 {[%clk
0:27:37]} Rcd8 {[%clk 0:15:49]} 29. Qc4 {[%clk 0:24:55]} Re7 {[%clk 0:15:03]} 30.
Rd4 {[%clk 0:22:51]} Rd6 {[%clk 0:14:42]} 31. Qa4 {[%clk 0:21:13]} h4 {[%clk
0:12:06]} 32. h3 {[%clk 0:20:21]} Kh7 {[%clk 0:11:11]} 33. Qc2 {[%clk 0:19:24]}
Kg8 {[%clk 0:07:43]} 34. Kh1 {[%clk 0:14:59]} Rg6 {[%clk 0:06:17]} 35. d6 {[%clk
0:09:41]} Rxd6 {[%clk 0:05:37]} 36. Rxd6 {[%clk 0:10:05]} cxd6 {[%clk 0:06:03]}
37. Qc8+ {[%clk 0:09:26]} Kh7 {[%clk 0:03:22]} 38. Qd8 {[%clk 0:09:13]} Re6
{[%clk 0:02:22]} 39. Qxb6 {[%clk 0:09:01]} Rf6 {[%clk 0:01:39]} 40. Kg1 {[%clk
0:33:29]} Qf5 {[%clk 0:31:13]} 41. Rd2 {[%clk 0:33:07]} Qc8 {[%clk 0:14:48]} 42.
Qb3 {[%clk 0:29:57]} Rg6 {[%clk 0:12:31]} 43. Kh1 {[%clk 0:29:43]} f5 {[%clk
0:10:18]} 44. Rc2 {[%clk 0:24:13]} Qd8 {[%clk 0:05:25]} 45. Qd5 {[%clk 0:15:09]}
Qg5 {[%clk 0:05:02]} 46. f4 {[%clk 0:15:29]} exf3 {[%clk 0:05:02]} 47. Qxf3
{[%clk 0:15:57]} Re6 {[%clk 0:05:12]} 48. Rc3 {[%clk 0:15:32]} Re4 {[%clk
0:02:17]} 49. Rb3 {[%clk 0:14:14]} d5 {[%clk 0:01:35]} 50. Rd3 {[%clk 0:12:54]}
f4 {[%clk 0:01:11]} 51. exf4 {[%clk 0:10:56]} Qf5 {[%clk 0:00:53]} 52. Qf2 {[%clk
0:04:59]} Rxf4 {[%clk 0:00:55]} 53. Rf3 {[%clk 0:04:53]} Rxf3 {[%clk 0:00:59]}
54. Qxh4+ {[%clk 0:05:06]} Kg8 {[%clk 0:00:43]} 55. gxf3 {[%clk 0:05:12]} Qxf3+
{[%clk 0:00:51]} 56. Kg1 {[%clk 0:05:04]} Qe3+ {[%clk 0:01:01]} 57. Kg2 {[%clk
0:04:19]} d4 {[%clk 0:01:15]} 58. Qd8+ {[%clk 0:04:03]} Kh7 {[%clk 0:01:09]} 59.
Qh4+ {[%clk 0:04:31]} Kg8 {[%clk 0:01:31]} 60. Qd8+ {[%clk 0:04:56]} Kh7 {[%clk
0:01:44]} 1/2-1/2

[Event "European Women's Championship"]
[Site "Vysoke Tatry"]
[Date "2018.04.18"]
[Round "10"]
[White "Milliet, Sophie"]
[Black "Cramling, Pia"]
[Result "1-0"]
[Board "15"]
[WhiteElo "2391"]
[WhiteTitle "IM"]
[WhiteCountry "FRA"]
[WhiteFideId "623725"]
[WhiteEloChange "12"]
[BlackElo "2472"]
[BlackTitle "GM"]
[BlackCountry "SWE"]
[BlackFideId "1700030"]
[BlackEloChange "-6"]

1. e4 {[%clk 1:30:57]} c5 {[%clk 1:30:53]} 2. Nf3 {[%clk 1:31:23]} d6 {[%clk
1:31:16]} 3. Bb5+ {[%clk 1:30:40]} Nd7 {[%clk 1:31:35]} 4. O-O {[%clk 1:31:00]}
a6 {[%clk 1:31:40]} 5. Bd3 {[%clk 1:31:24]} Ngf6 {[%clk 1:31:36]} 6. Re1 {[%clk
1:31:13]} g6 {[%clk 1:22:27]} 7. c3 {[%clk 1:31:23]} Bh6 {[%clk 1:22:19]} 8. Bf1
{[%clk 1:31:40]} Ne5 {[%clk 1:21:59]} 9. Nxe5 {[%clk 1:31:23]} dxe5 {[%clk
1:22:24]} 10. Na3 {[%clk 1:30:37]} b5 {[%clk 1:11:42]} 11. d4 {[%clk 1:29:17]}
Bxc1 {[%clk 1:11:59]} 12. Rxc1 {[%clk 1:29:44]} cxd4 {[%clk 1:05:03]} 13. cxd4
{[%clk 1:30:10]} Qxd4 {[%clk 1:04:15]} 14. Qxd4 {[%clk 1:30:15]} exd4 {[%clk
1:04:43]} 15. e5 {[%clk 1:30:34]} Nd5 {[%clk 1:03:54]} 16. Nc2 {[%clk 1:30:46]}
O-O {[%clk 1:01:46]} 17. Nxd4 {[%clk 1:30:16]} Bb7 {[%clk 0:59:17]} 18. Nb3
{[%clk 1:24:32]} Rad8 {[%clk 0:56:29]} 19. g3 {[%clk 1:06:56]} Rfe8 {[%clk
0:49:09]} 20. Bg2 {[%clk 0:59:18]} Ba8 {[%clk 0:48:40]} 21. Nc5 {[%clk 0:57:40]}
Nb4 {[%clk 0:39:31]} 22. Bxa8 {[%clk 0:57:28]} Rxa8 {[%clk 0:39:53]} 23. a3
{[%clk 0:55:48]} Nd5 {[%clk 0:39:29]} 24. e6 {[%clk 0:51:46]} f5 {[%clk 0:24:19]}
25. Nd7 {[%clk 0:50:26]} Kg7 {[%clk 0:23:20]} 26. Rc6 {[%clk 0:42:43]} Rec8
{[%clk 0:21:21]} 27. Rec1 {[%clk 0:42:27]} Rxc6 {[%clk 0:21:45]} 28. Rxc6 {[%clk
0:42:54]} Ra7 {[%clk 0:19:05]} 29. h4 {[%clk 0:22:10]} a5 {[%clk 0:18:17]} 30.
Rc8 {[%clk 0:16:04]} Nc7 {[%clk 0:14:16]} 31. Nc5 {[%clk 0:16:05]} Kf6 {[%clk
0:14:30]} 32. f4 {[%clk 0:15:14]} Nd5 {[%clk 0:05:24]} 33. Rf8+ {[%clk 0:10:01]}
Kg7 {[%clk 0:05:52]} 34. Rd8 {[%clk 0:05:56]} Nf6 {[%clk 0:05:57]} 35. Rd7 {[%clk
0:06:10]} Ra8 {[%clk 0:06:22]} 36. Rxe7+ {[%clk 0:06:31]} Kg8 {[%clk 0:06:37]}
37. Rb7 {[%clk 0:04:28]} b4 {[%clk 0:06:43]} 38. axb4 {[%clk 0:04:05]} axb4
{[%clk 0:07:11]} 39. Rxb4 {[%clk 0:04:29]} Ra1+ {[%clk 0:00:38]} 40. Kf2 {[%clk
0:34:46]} Rc1 {[%clk 0:30:47]} 41. Rb8+ {[%clk 0:29:06]} Kg7 {[%clk 0:31:15]} 42.
Rb7+ {[%clk 0:26:01]} Kg8 {[%clk 0:27:13]} 43. b4 {[%clk 0:25:59]} Rc3 {[%clk
0:25:28]} 44. Kg2 {[%clk 0:02:18]} Rc2+ {[%clk 0:20:30]} 45. Kf1 {[%clk 0:02:36]}
Rc3 {[%clk 0:20:49]} 46. Rc7 {[%clk 0:01:28]} Nd5 {[%clk 0:11:31]} 47. Rc8+
{[%clk 0:01:42]} Kg7 {[%clk 0:11:51]} 48. e7 {[%clk 0:01:01]} Rf3+ {[%clk
0:08:57]} 49. Kg2 {[%clk 0:01:30]} Nxe7 {[%clk 0:09:21]} 50. Kxf3 {[%clk
0:01:57]} Nxc8 {[%clk 0:09:48]} 51. Ke3 {[%clk 0:01:43]} Na7 {[%clk 0:00:37]} 52.
Kd4 {[%clk 0:02:06]} Nc6+ {[%clk 0:00:39]} 53. Kc4 {[%clk 0:02:31]} Kf6 {[%clk
0:00:57]} 54. b5 {[%clk 0:02:46]} 1-0

[Event "European Women's Championship"]
[Site "Vysoke Tatry"]
[Date "2018.04.18"]
[Round "10"]
[White "Bodnaruk, Anastasia"]
[Black "Schleining, Zoya"]
[Result "1/2-1/2"]
[Board "16"]
[WhiteElo "2460"]
[WhiteTitle "IM"]
[WhiteCountry "RUS"]
[WhiteFideId "4181751"]
[WhiteEloChange "-1"]
[BlackElo "2382"]
[BlackTitle "IM"]
[BlackCountry "GER"]
[BlackFideId "4671660"]
[BlackEloChange "2"]

1. e4 {[%clk 1:30:57]} c5 {[%clk 1:30:56]} 2. Nf3 {[%clk 1:31:22]} Nc6 {[%clk
1:31:22]} 3. d4 {[%clk 1:31:47]} cxd4 {[%clk 1:31:47]} 4. Nxd4 {[%clk 1:32:15]}
g6 {[%clk 1:31:47]} 5. c4 {[%clk 1:29:24]} Bg7 {[%clk 1:32:03]} 6. Be3 {[%clk
1:29:35]} Nf6 {[%clk 1:32:12]} 7. Nc3 {[%clk 1:29:49]} d6 {[%clk 1:32:12]} 8. h3
{[%clk 1:24:53]} Bd7 {[%clk 1:26:13]} 9. Nc2 {[%clk 1:13:57]} Qa5 {[%clk
1:13:04]} 10. Qd2 {[%clk 1:11:42]} O-O {[%clk 1:12:53]} 11. Be2 {[%clk 1:10:09]}
Rfc8 {[%clk 1:08:44]} 12. O-O {[%clk 1:02:02]} a6 {[%clk 1:01:30]} 13. Rac1
{[%clk 0:43:52]} Rab8 {[%clk 0:52:09]} 14. b4 {[%clk 0:38:51]} Qd8 {[%clk
0:48:38]} 15. f4 {[%clk 0:35:16]} b5 {[%clk 0:37:44]} 16. c5 {[%clk 0:30:54]} Be6
{[%clk 0:33:04]} 17. Qe1 {[%clk 0:24:07]} dxc5 {[%clk 0:30:54]} 18. e5 {[%clk
0:18:56]} Nd5 {[%clk 0:26:58]} 19. Nxd5 {[%clk 0:18:45]} Qxd5 {[%clk 0:26:38]}
20. Bxc5 {[%clk 0:18:21]} Qxa2 {[%clk 0:25:11]} 21. Bf3 {[%clk 0:14:24]} Bd5
{[%clk 0:20:41]} 22. Ra1 {[%clk 0:12:58]} Qxc2 {[%clk 0:19:52]} 23. Bxd5 {[%clk
0:13:26]} a5 {[%clk 0:16:49]} 24. Bxc6 {[%clk 0:07:00]} Rxc6 {[%clk 0:17:16]} 25.
Rxa5 {[%clk 0:05:44]} Bf8 {[%clk 0:15:10]} 26. Rf2 {[%clk 0:00:54]} Qc4 {[%clk
0:14:23]} 27. Raa2 {[%clk 0:00:34]} e6 {[%clk 0:13:22]} 28. Bxf8 {[%clk 0:00:51]}
Rxf8 {[%clk 0:13:40]} 29. Kh2 {[%clk 0:00:48]} Rfc8 {[%clk 0:13:06]} 30. Ra5
{[%clk 0:00:40]} Rd8 {[%clk 0:12:45]} 31. Qe2 {[%clk 0:00:36]} Qxe2 {[%clk
0:09:36]} 32. Rxe2 {[%clk 0:01:05]} Rd5 {[%clk 0:09:58]} 33. Rb2 {[%clk 0:00:41]}
Rc4 {[%clk 0:10:06]} 34. g3 {[%clk 0:01:00]} h6 {[%clk 0:10:07]} 35. Ra7 {[%clk
0:00:50]} Rc3 {[%clk 0:08:07]} 36. Rb7 {[%clk 0:00:55]} Rcd3 {[%clk 0:06:13]} 37.
h4 {[%clk 0:00:34]} g5 {[%clk 0:03:06]} 38. fxg5 {[%clk 0:00:36]} hxg5 {[%clk
0:03:33]} 39. hxg5 {[%clk 0:00:34]} Rd2+ {[%clk 0:03:36]} 40. Rxd2 {[%clk
0:31:01]} Rxd2+ {[%clk 0:33:59]} 41. Kh3 {[%clk 0:31:02]} Rd5 {[%clk 0:34:22]}
42. Kg4 {[%clk 0:22:15]} Kg7 {[%clk 0:30:39]} 43. Kh5 {[%clk 0:20:34]} Rxe5
{[%clk 0:30:56]} 44. Rb8 {[%clk 0:18:03]} Rd5 {[%clk 0:29:09]} 45. Rb7 {[%clk
0:17:39]} Rf5 {[%clk 0:27:24]} 46. Rc7 {[%clk 0:16:08]} Rd5 {[%clk 0:27:16]} 47.
Rb7 {[%clk 0:15:53]} 1/2-1/2

[Event "European Women's Championship"]
[Site "Vysoke Tatry"]
[Date "2018.04.18"]
[Round "10"]
[White "Zawadzka, Jolanta"]
[Black "Balajayeva, Khanim"]
[Result "1/2-1/2"]
[Board "17"]
[WhiteElo "2442"]
[WhiteTitle "WGM"]
[WhiteCountry "POL"]
[WhiteFideId "1122320"]
[WhiteEloChange "-1"]
[BlackElo "2348"]
[BlackTitle "WFM"]
[BlackCountry "AZE"]
[BlackFideId "13406396"]
[BlackEloChange "3"]

1. e4 {[%clk 1:30:57]} e5 {[%clk 1:30:57]} 2. Nf3 {[%clk 1:31:21]} Nc6 {[%clk
1:31:24]} 3. Bb5 {[%clk 1:31:45]} a6 {[%clk 1:31:50]} 4. Ba4 {[%clk 1:32:10]} Nf6
{[%clk 1:32:12]} 5. O-O {[%clk 1:32:30]} b5 {[%clk 1:32:39]} 6. Bb3 {[%clk
1:32:54]} Bc5 {[%clk 1:33:06]} 7. d3 {[%clk 1:30:53]} d6 {[%clk 1:31:24]} 8. a3
{[%clk 1:29:45]} O-O {[%clk 1:31:13]} 9. h3 {[%clk 1:25:23]} Be6 {[%clk 1:29:19]}
10. c3 {[%clk 1:18:51]} d5 {[%clk 1:13:19]} 11. Ng5 {[%clk 1:10:17]} Qd7 {[%clk
1:07:32]} 12. Nxe6 {[%clk 1:06:42]} fxe6 {[%clk 1:06:55]} 13. Qe2 {[%clk
1:06:58]} Rae8 {[%clk 0:55:55]} 14. Bg5 {[%clk 1:04:40]} h6 {[%clk 0:54:31]} 15.
Bh4 {[%clk 1:04:07]} Ne7 {[%clk 0:50:22]} 16. Nd2 {[%clk 0:58:01]} g5 {[%clk
0:44:11]} 17. Bg3 {[%clk 0:57:21]} Ng6 {[%clk 0:44:17]} 18. d4 {[%clk 0:44:01]}
exd4 {[%clk 0:35:49]} 19. cxd4 {[%clk 0:44:25]} Bxd4 {[%clk 0:29:47]} 20. exd5
{[%clk 0:43:52]} Nxd5 {[%clk 0:29:26]} 21. Nf3 {[%clk 0:43:11]} Bg7 {[%clk
0:27:59]} 22. Rad1 {[%clk 0:39:32]} Qf7 {[%clk 0:26:36]} 23. h4 {[%clk 0:35:59]}
Ndf4 {[%clk 0:23:10]} 24. Qe4 {[%clk 0:34:03]} gxh4 {[%clk 0:22:17]} 25. Nxh4
{[%clk 0:31:57]} Nxh4 {[%clk 0:21:20]} 26. Bxh4 {[%clk 0:32:20]} Qg6 {[%clk
0:19:25]} 27. Qxg6 {[%clk 0:29:51]} Nxg6 {[%clk 0:19:52]} 28. Bg3 {[%clk
0:30:16]} Bxb2 {[%clk 0:16:47]} 29. Bxc7 {[%clk 0:27:19]} Bxa3 {[%clk 0:15:57]}
30. Ra1 {[%clk 0:24:36]} b4 {[%clk 0:12:54]} 31. f4 {[%clk 0:22:44]} Kg7 {[%clk
0:11:45]} 32. g3 {[%clk 0:22:21]} Rc8 {[%clk 0:06:14]} 33. Bb6 {[%clk 0:22:00]}
e5 {[%clk 0:05:39]} 34. fxe5 {[%clk 0:16:22]} Rc3 {[%clk 0:04:40]} 35. Bd5 {[%clk
0:13:22]} Rxg3+ {[%clk 0:04:34]} 36. Kh2 {[%clk 0:13:47]} Rg5 {[%clk 0:02:13]}
37. Rxf8 {[%clk 0:13:40]} Nxf8 {[%clk 0:01:07]} 38. Bd4 {[%clk 0:13:45]} Rh5+
{[%clk 0:00:52]} 39. Kg3 {[%clk 0:06:39]} Rg5+ {[%clk 0:01:18]} 40. Kf3 {[%clk
0:37:06]} Ng6 {[%clk 0:30:58]} 41. Re1 {[%clk 0:34:06]} b3 {[%clk 0:19:56]} 42.
Bxb3 {[%clk 0:34:17]} Nh4+ {[%clk 0:19:54]} 43. Kf2 {[%clk 0:28:07]} Rf5+ {[%clk
0:19:36]} 44. Kg3 {[%clk 0:24:56]} Nf3 {[%clk 0:19:17]} 45. Bc2 {[%clk 0:24:28]}
Nxd4 {[%clk 0:19:00]} 46. Bxf5 {[%clk 0:24:52]} Nxf5+ {[%clk 0:19:28]} 47. Kf4
{[%clk 0:24:53]} Ne7 {[%clk 0:19:13]} 48. Ra1 {[%clk 0:24:54]} Bb2 {[%clk
0:18:07]} 49. Rxa6 {[%clk 0:25:18]} Ng6+ {[%clk 0:18:15]} 50. Rxg6+ {[%clk
0:25:10]} 1/2-1/2